=LDR 00000nam 2200000 4500 =001 INLIS000000000019946 =005 20130612114943 =008 ***********************************Ind** =035 ##$$0010-061300000019946 =041 ##$$a Ind =082 ##$$a 347.01 =090 ##$$a 347.01, Har k =100 ##$$a Harahap, Yahya =245 ##$$a Keudukan kewenangan dan acara peradilan agama UU no. 7 tahun 1989, oleh M. Yahya Harahap, SH =260 ##$$a 2005 $b Jakarta =300 ##$$a xiii, 374 hlm, 23 cm =650 ##$$a Pengadilan Agama =850 ##$$a NBPNMAT